000 00346nam a2200121Ia 4500
008 180705s9999 xx 000 0 und d
020 _a9789812533494
100 _aDunn, John
245 _cJohn Dunn.
_aFinancial reporting and analysis /
260 _aCanada:
_bJohn Wiley&Sons:
_c2010
300 _aIX, 371 pages
650 _aFinancial statements.
999 _c358143
_d358143